| 000 | 00470nam a2200181Ia 4500 | ||
|---|---|---|---|
| 001 | 12002 | ||
| 005 | 20260306162909.0 | ||
| 008 | 260306t2021||||xx |||||||||||||| ||spa|| | ||
| 041 | _aESP | ||
| 082 |
_aHR 340 _bJUL 2021 AJ |
||
| 110 | _aGaceta Jurídica | ||
| 245 | 0 |
_aActualidad jurídica: _binformación especializada para abogados y jueces |
|
| 260 | _c2021 | ||
| 300 |
_a248 páginas : _c25 cm. |
||
| 650 | _aGEN | ||
| 654 | _aCDE | ||
| 942 |
_cREV _dJUS _fJUS _2ddc _n |
||
| 999 |
_c12002 _d12002 |
||